Music Quiz

Random Music or Album Quiz

Album Covers IV Quiz Stats

 Plays Quiz Updated Nov 16, 2018

Also try: Album Covers
Challenge
Share
Tweet
Score 0/20 Timer 06:00
1 Play Today
% Correct
Rubber Soul by The Beatles
61.9%
In Utero by Nirvana
60%
Born to Run by Bruce Springsteen
47.9%
Legend by Bob Marley & The Wailers
47.4%
Who's Next by The Who
44.2%
Elephant by The White Stripes
42.4%
Off the Wall by Michael Jackson
39.2%
Physical Graffiti by Led Zeppelin
38.3%
Demon Days by The Gorillaz
32.8%
Brothers in Arms by Dire Straits
29%
% Correct
Moving Pictures by Rush
26.9%
Layla and Other Assorted Love Songs by Derek and the Dominoes
26.3%
Kind Of Blue by Miles Davis
25.3%
Doggystyle by Snoop Dogg
24.7%
Exile on Main St. by The Rolling Stones
22.1%
Eat a Peach by The Allman Brothers Band
20.6%
Low by David Bowie
18.4%
In the Aeroplane Over the Sea by Neutral Milk Hotel
14.9%
Loaded by The Velvet Underground
11.8%
Agents of Fortune by Blue Öyster Cult
7.5%

You're not logged in!

Compare scores with friends on all Sporcle quizzes.
OR
Log In

You Might Also Like...

Show Comments

Extras

Top Quizzes Today


Score Distribution

Your Account Isn't Verified!

In order to create a playlist on Sporcle, you need to verify the email address you used during registration. Go to your Sporcle Settings to finish the process.

Report this User

Report this user for behavior that violates our Community Guidelines.

Details: